000 00738nam a2200241 4500
003 OSt
005 20240610062052.0
006 a
008 240610b |||||||| |||| 00| 0 eng d
020 _a007126714
040 _aDWCL-HMN lib.
_cOC
082 _2revised edition
_aCirc. 647.94 H512o 2006
100 _aHenkin, Shepard
245 _aOpportunities in hotel and motel careers /
250 _arevised edition
260 _aNew York :
_bMcGraw-Hill,
_cc2006.
300 _aix,
_b194 p. ;
_c20 cm.
504 _aIncludes appendices.
650 _a1. Hotel management–Vocational guidance.
650 _a2. Motel management–Vocational guidance.
700 _aShepard Henkin
942 _2ddc
_n0
_cBK-CIRC
_erevised edition
_kCirc.
999 _c466
_d466